| 000 | 00637nam a2200205Ia 4500 | ||
|---|---|---|---|
| 005 | 20230522110322.0 | ||
| 008 | 140110s9999 xx 000 0 und d | ||
| 020 |
_a9780521675055 _cRs.1462.00 |
||
| 040 | _aLoreto College | ||
| 041 | _aEnglish | ||
| 082 |
_a823.5 _bDEF-RIC |
||
| 245 | 4 |
_aThe Cambridge companion to Daniel Defoe _cEdited by John Richetti |
|
| 260 |
_aCambridge _bCambridge University Press _c2008 |
||
| 300 | _axiv,238p | ||
| 504 | _aIncludes bibliographical references and index | ||
| 650 | _aDefoe,Daniel,1661-1731-Criticism and interpretation | ||
| 700 | _aRichetti,John,ed. | ||
| 850 | _aLCLIB | ||
| 942 | _cBK | ||
| 999 |
_c37559 _d88038 |
||